000 01064nam a22002774aa4500
003 BOFEUTO
005 20260512170927.0
008 260504t2025 bo gr 000 f spa d
040 _6BOFEUTO
_aBOFEUTO
_cBOFEUTO
041 _aspa
044 _abo
082 _aTE6307
_bP294i
100 _aPatiño ,Paola Abril
_etutor
245 _aImplementación de estrategias de inbound marketing para aumentar la visibilidad de la Empresa Sed Aqua de la ciudad de Oruro. /
_cPaola Abril Patiño, Marcelo Osman Azeñas Gutiérrez
260 _aOruro :
_bs/n,
_c2025.
300 _a120 hojas ;
_btab, gráf. ;
_c28.5 cm .
500 _aIncluye bibliografía, anexos.
502 _aTrabajo Dirigido, (Licenciatura) -- Universidad Técnica de Oruro, Facultad de Ciencias Económicas, Financieras y Administrativas, Carrera Administración de Empresas, 2025.
650 _aMarketing
653 _aImplementación
653 _aInbound
653 _aVisibilidad
653 _aEstrategias
700 _aAzeñas Gutiérrez, Maracelo Osman
_etutor
942 _2ddc
_cTE
_n0
999 _c16162
_d16162